Normal view MARC view

Entry Personal Name

Number of records used in: 2

001 - CONTROL NUMBER

  • control field: 85506

003 - CONTROL NUMBER IDENTIFIER

  • control field: dpl

005 - DATE AND TIME OF LATEST TRANSACTION

  • control field: 20251017161825.0

008 - FIXED-LENGTH DATA ELEMENTS

  • fixed length control field: 251017|| aca||aabn | a|a d

040 ## - CATALOGING SOURCE

  • Original cataloging agency: dpl
  • Transcribing agency: dpl

100 ## - HEADING--PERSONAL NAME

  • Personal name: Bhatia, K. N

670 ## - SOURCE DATA FOUND

  • Source citation: Work cat.: (dpl)212875: Bhatia, K. N, Objective Biology For Neet Exam Conducted By Nta Set Of 3 Vol/, 2025

© Delhi Public Library
Hit Counter
free hit counter